| 000 | 00461nam a2200181Ia 4500 | ||
|---|---|---|---|
| 008 | 230524s9999 xx 000 0 und d | ||
| 020 | _a97800199560295 | ||
| 082 |
_a650.015 _bHAB |
||
| 100 | _aAdrian Haberberg | ||
| 245 | 0 | _aStrategic Management : Theory and Application | |
| 250 | _aIST | ||
| 260 |
_aNEW DELHI _bOxford _c2008 |
||
| 300 | _aXXIV;804 | ||
| 500 | _aQuantity Number: 2 | ||
| 650 | _aManagement | ||
| 700 | _a Alison Rieple | ||
| 942 | _cBK | ||
| 999 |
_c46745 _d46745 |
||